| Tag |
First Indicator |
Second Indicator |
Subfields |
| LEADER |
00000cam a2200000I 4500 |
| 001 |
in00000024275 |
| 005 |
20151007061059.0 |
| 008 |
800627s1955 sdu 000 0 eng d |
| 035 |
|
|
|a (OCoLC)ocm06468811
|
| 035 |
|
|
|a (OCoLC)06468811
|
| 035 |
|
|
|9 AAD1031AM
|
| 040 |
|
|
|a TXA
|c TXA
|d UtOrBLW
|
| 049 |
|
|
|a TXAM
|c [276629]
|
| 050 |
|
4 |
|a PS3505.H3
|b P63 1955
|
| 092 |
|
|
|a 818
|b C453p
|
| 100 |
1 |
|
|a Champlin, Justus Janes,
|d 1877-
|
| 245 |
1 |
0 |
|a Poems and prose of the northwest /
|c by Justus J. Champlin and his sister Eunice Smith.
|
| 264 |
|
1 |
|a [Rapid City],
|b [publisher not identified] ;
|c [1955]
|
| 300 |
|
|
|a 76 pages
|
| 336 |
|
|
|a text
|b txt
|2 rdacontent
|
| 337 |
|
|
|a unmediated
|b n
|2 rdamedia
|
| 338 |
|
|
|a volume
|b nc
|2 rdacarrier
|
| 700 |
1 |
|
|a Smith, Eunice Laura Champlin,
|e author.
|
| 994 |
|
|
|a E0
|b TXA
|
| 999 |
|
|
|a MARS
|
| 999 |
f |
f |
|s bd32d836-85a3-38ee-92ad-46e1a3a6248a
|i 184a3f49-976a-3e08-8928-f4f8d86c79c7
|t 0
|
| 952 |
f |
f |
|p ric
|a Texas A&M University
|b Rellis Campus
|c Joint Library Facility
|d Remote Storage
|t 0
|e PS3505.H3 P63 1955
|h Library of Congress classification
|i unmediated -- volume
|m A14801263674
|
| 998 |
f |
f |
|a PS3505.H3 P63 1955
|t 0
|l Remote Storage
|